Welcome to University of Cape Coast Library, Online Public Access Catalogue (OPAC)

Normal view MARC view

Entry Personal Name

Number of records used in: 2

001 - CONTROL NUMBER

  • control field: 31241

003 - CONTROL NUMBER IDENTIFIER

  • control field: OSt

005 - DATE AND TIME OF LATEST TRANSACTION

  • control field: 20231120140327.0

008 - FIXED-LENGTH DATA ELEMENTS

  • fixed length control field: 231120|| aca||aabn | a|a d

040 ## - CATALOGING SOURCE

  • Original cataloging agency: OSt
  • Transcribing agency: OSt

100 ## - HEADING--PERSONAL NAME

  • Personal name: Kåberger, Tomas,
  • Dates associated with a name: 1961-

670 ## - SOURCE DATA FOUND

  • Source citation: Work cat.: (OSt)0: Linking the natural environment and the economy :, c1991.
Koha©2022 UCC.All Right Reserved.Site Developed by Sam Jonah Library IT Team
<Home | Contact | Library publications |Research Tools | Research Guides |https://ucclivechat.library-gh.net/index.php/chat

If you have questions or concern please contact the Library.



PMB, University of Cape Coast

KOHA HOME